The sedutions of Karl Marx / (Record no. 148060)

MARC details
000 -LEADER
fixed length control field 00587nam a22002057a 4500
005 - DATE AND TIME OF LATEST TRANSACTION
control field 20171219123937.0
010 ## - LCCN (DPL NO)
LC control number ENG-121912
020 ## - INTERNATIONAL STANDARD BOOK NUMBER
International Standard Book Number 9789350020227
Terms of availability 225.00
035 ## - SYSTEM CONTROL NUMBER
System control number EN-105444
037 ## - SOURCE OF ACQUISITION
Source of stock number/acquisition DBAD/PUB
082 ## - DEWEY DECIMAL CLASSIFICATION NUMBER
Classification number 335.43
100 ## - MAIN ENTRY--PERSONAL NAME
Personal name Murzban Jal
245 ## - TITLE STATEMENT
Title The sedutions of Karl Marx /
Statement of responsibility, etc by Murzban Jal
260 ## - PUBLICATION, DISTRIBUTION, ETC. (IMPRINT)
Place of publication, distribution, etc Delhi
Name of publisher, distributor, etc Aakar books
Date of publication, distribution, etc 2010
270 ## - ADDRESS
Address 28 E pocket IV, Mayur Vihar phase I
City Delhi
Postal code 110091
300 ## - PHYSICAL DESCRIPTION
Extent 231p.
Dimensions 23cm(Pbk)
500 ## - GENERAL NOTE
General note Includes references and index
700 ## - ADDED ENTRY--PERSONAL NAME
Personal name Murzban Jal
942 ## - ADDED ENTRY ELEMENTS (KOHA)
Source of classification or shelving scheme Dewey Decimal Classification
Item type English Books
Classification part 335.43
Call number suffix JAL
Holdings
Withdrawn status Lost status Not for loan Collection code Home library Current library Date acquired Source of acquisition Cost, normal purchase price Full call number Barcode Copy number Cost, replacement price Koha item type
    Not For Loan Non-fiction D.B.Act.Division Bawana 19/12/2017 DBAD/PUB 225.00 335.43 JAL EN-105444 1 225.00 English Books

© Delhi Public Library
Hit Counter
free hit counter